| Tag |
First Indicator |
Second Indicator |
Subfields |
| LEADER |
00000cam a2200000 4500 |
| 001 |
in00000037232 |
| 005 |
20151007072253.0 |
| 008 |
780206m19549999fr a b 00100 freec |
| 010 |
|
|
|a a 55008363
|
| 035 |
|
|
|a (OCoLC)03610555
|
| 035 |
|
|
|9 AAE7563AM
|
| 040 |
|
|
|a Minnesota Univ. Libr.
|c AZS
|d AZS
|d TXA
|d UtOrBLW
|
| 049 |
|
|
|a TXAM
|v 1 [296963]
|v 2 [421537]
|v 3 [421538]
|
| 050 |
|
0 |
|a QK641
|b .B6
|
| 092 |
|
|
|a 582
|b B771a
|
| 100 |
1 |
|
|a Boureau, Edouard.
|
| 245 |
1 |
0 |
|a Anatomie vegetale ;
|b l'appareil vegetatif des phanerogames /
|c Pref. de Roger Heim.
|
| 264 |
|
1 |
|a Paris :
|b Presses universitaires de France,
|c 1954-
|
| 300 |
|
|
|a volumes :
|b illustrations ;
|c 19 cm.
|
| 336 |
|
|
|a text
|b txt
|2 rdacontent
|
| 337 |
|
|
|a unmediated
|b n
|2 rdamedia
|
| 338 |
|
|
|a volume
|b nc
|2 rdacarrier
|
| 490 |
0 |
|
|a "Euclide," introduction aux etudes scientifiques. Biologie vegetale et agronomie
|
| 504 |
|
|
|a Includes bibliographies.
|
| 650 |
|
0 |
|a Plant anatomy.
|
| 650 |
|
0 |
|a Phanerogams.
|
| 999 |
|
|
|a MARS
|
| 999 |
f |
f |
|s 9313eff6-553b-3a11-ba06-06e7bf910b26
|i e1ded6ca-703a-3556-ab59-8508c7e897fe
|t 0
|
| 952 |
f |
f |
|p ric
|a Texas A&M University
|b Rellis Campus
|c Joint Library Facility
|d Remote Storage
|t 0
|e QK641 B6
|h Library of Congress classification
|i unmediated -- volume
|k t.3
|m A14800994303
|
| 952 |
f |
f |
|p ric
|a Texas A&M University
|b Rellis Campus
|c Joint Library Facility
|d Remote Storage
|t 0
|e QK641 B6
|h Library of Congress classification
|i unmediated -- volume
|k t.1
|m A14800994280
|
| 952 |
f |
f |
|p ric
|a Texas A&M University
|b Rellis Campus
|c Joint Library Facility
|d Remote Storage
|t 0
|e QK641 B6
|h Library of Congress classification
|i unmediated -- volume
|k t.2
|m A14800994298
|
| 998 |
f |
f |
|a QK641 B6
|s v.1-v.3
|t 0
|l Remote Storage
|